00582cam a2200193Ia 4500008004100000020002500041245009000066250002000156260003200176300002800208500002000236504004100256650002700297700001700324700002000341003000100361005001700362040000900379  a9781446295809 (pbk.)04aThe SAGE handbook of public administration /cedited by B. Guy Peters and Jon Pierre. aConcise 2nd ed. aLos Angeles :bSAGE,c2014. axxiii, 689 p. ;c25 cm. aIncludes index. aIncludes bibliographical references. 0aPublic administration.1 aPierre, Jon.1 aPeters, B. Guy.20230123141104.0 cNUST